| 000 | 01375naa a22003737a 4500 | ||
|---|---|---|---|
| 001 | BR7603999 | ||
| 003 | BR-BrBNA | ||
| 005 | 20240918173915.0 | ||
| 007 | ta | ||
| 008 | 230509b bl.||||| |||| 00| 0 por d | ||
| 040 |
_aBR-BrBNA _bpor _cBiblioteca Nacional de Agricultura |
||
| 041 | _a(Pt) | ||
| 072 |
_aH20 _b1030 _b1010 _b4120 |
||
| 090 | _aH20 BR7603999 | ||
| 100 | 1 | _aMuntaner, A.I.C. | |
| 100 | 1 | _aFeichtenberger, E. | |
| 100 | 1 | _aRossetti, V. | |
| 100 | 1 | _aLeite, Y.R. | |
| 100 | 1 | _aPompeu Junior, J. | |
| 100 | 1 | _aTeofilo Sobrinho, J. | |
| 111 | 1 |
_a3. Congresso Brasileiro de Fruticultura _cRio de Janeiro, RJ (Brazil) _d14 Jul 1975 |
|
| 245 | 1 | _aRelacao de selecoes de limao cravo e de Citrus volkameriana Pasq. a inoculacoes experimentais de Phytophthora spp. [Citrus limonia, cidra, fungo, variedade resistente] | |
| 260 | 3 |
_aCampinas, SP (Brasil): _c1976. |
|
| 500 | _aAnais do 3. Congresso Brasileiro de Fruticultura Campinas, SP (Brasil): 1976. v. 1 p. 127-140 (BR7603999-AM)H20 | ||
| 650 | _aLIMAO CRAVO | ||
| 650 | _aCIDRA VOLKAMERIANA | ||
| 650 | _aPORTA ENXERTO | ||
| 650 | _aGOMOSE | ||
| 650 | _aFUNGO | ||
| 650 | _aVARIEDADE RESISTENTE | ||
| 773 | 0 |
_tAnais do 3. Congresso Brasileiro de Fruticultura _wH20 BR7603999 _gCampinas, SP (Brasil), 1976. v. 1 p. 127-140 |
|
| 909 |
_a202404 _bLucia _c55 _dLucia Elande |
||
| 942 |
_cAM _2AGRIS |
||
| 999 |
_c307615 _d307615 |
||